| 000 | 00590nam a22001937a 4500 | ||
|---|---|---|---|
| 999 |
_c170509 _d170509 |
||
| 005 | 20191226164447.0 | ||
| 010 | _aA-159741 | ||
| 020 | _c9.50 | ||
| 035 | _aA-159741 | ||
| 037 | _bBPPD/Pub. | ||
| 082 | _a840.9 | ||
| 100 | _aجعفر ، سیدہ | ||
| 245 |
_aدکنی نشر کا انتیخاب / _cسیدہ جعفر |
||
| 246 |
_aDeccanni Nasar ka Intekhab (Urdu) / _bby Syeda Jaffer |
||
| 260 |
_aNew Delhi _bTaraqqi Urdu Bureau _c1983 |
||
| 270 |
_aWest Block-8, R.K.Puram _bNew Delhi _e110022 |
||
| 300 |
_a168p. _c20cm(Hb) |
||
| 942 |
_2ddc _cUR _h840.9 _mس ی د |
||